Vnútorný hlas Zmeňte svojho vnútorného kritika na spojenca
Saved in:
| Main Author | |
|---|---|
| Format | Electronic eBook |
| Language | Czech |
| Published |
Grada SK
2022
|
| Edition | 1. elektronické vydání |
| Subjects | |
| Online Access | Dostupné v BOOKPORT po přihlášení pomocí eduID |
| ISBN | 978-80-8090-298-8 978-80-8090-296-4 |
| Physical Description | 1 online zdroj (264 stran) |
Cover
| LEADER | 00000nam a2200000 i 4500 | ||
|---|---|---|---|
| 001 | bkp100102 | ||
| 003 | CZ-prgp | ||
| 005 | 20230313115027.0 | ||
| 006 | m o d | ||
| 007 | cr cn | ||
| 008 | 230313s2022 xr o 000 0 cze | ||
| 020 | |a 978-80-8090-298-8 |c 329 Kč |q (online ; epub) | ||
| 020 | |a 978-80-8090-296-4 |c 200 Kč |q (print) | ||
| 040 | |a Grada |b cze |e rda | ||
| 100 | 1 | |a Kross, Ethan | |
| 245 | 1 | 0 | |a Vnútorný hlas |b Zmeňte svojho vnútorného kritika na spojenca |c Ethan Kross |
| 250 | |a 1. elektronické vydání | ||
| 264 | 1 | |b Grada SK |c 2022 | |
| 300 | |a 1 online zdroj (264 stran) | ||
| 336 | |a text |b txt |2 rdacontent | ||
| 337 | |a počítač |b c |2 rdamedia | ||
| 338 | |a online zdroj |b cr |2 rdacarrier | ||
| 520 | 3 | |a Oceňovaný psychológ E. Kross skúma tiché rozhovory, ktoré vedieme sami so sebou. Počas rozhovoru dúfame, že sa napojíme na svojho vnútorného kouča, ktorý nás podporí, no často sa objaví náš vnútorný kritik, ktorý nám sebavedomie zníži. Pomocou tejto knihy rozpoznáme skrytú silu svojho vnútorného hlasu a naučíme sa, ako ju využiť vo svoj prospech. | |
| 650 | 0 | 4 | |a Úspěch a motivace |
| 856 | 4 | 0 | |u https://www.bookport.cz/AccountSaml/SignIn/?idp=https://shibboleth.utb.cz/idp/shibboleth&returnUrl=/kniha/vnutorny-hlas-11581/ |y Dostupné v BOOKPORT po přihlášení pomocí eduID |